| 000 | 00695nam a2200253Ia 4500 | ||
|---|---|---|---|
| 008 | 220216s9999 xx 000 0 und d | ||
| 100 | _aBhattacharyya T | ||
| 245 | 0 | _aCarbon sequestration in red and black soils of semi-arid tropical part of India. I. Influence of morphological properties | |
| 260 |
_bAgropedology _c2007 |
||
| 300 | _a15-Jan | ||
| 650 | _aBioclimate | ||
| 650 | _aInorganic carbon | ||
| 650 | _aMorphological properties | ||
| 650 | _aOrganic carbon | ||
| 700 | _aChandran P | ||
| 700 | _aMandal C | ||
| 700 | _aManna M C | ||
| 700 | _aPal D K | ||
| 700 | _aRamesh V | ||
| 700 | _aRay S K | ||
| 700 | _aVenugopalan M V | ||
| 700 | _aWani S P | ||
| 942 | _cJS | ||
| 999 |
_c55170 _d55170 |
||